Countries With the Highest Rate of Emigration - Statistics

General Stats
  • This quiz has been taken 435 times
  • The average score is 4 of 20
Answer Stats
Emigration/1k Country % Correct
-17.89 Syria
79%
-10.55 Somalia
47%
-8.48 Lebanon
46%
-22.02 Jordan
31%
-6.24 South Africa
24%
-9.92 Moldova
21%
-8.61 El Salvador
20%
-14.63 Nauru
19%
-17.87 Tonga
19%
-6.99 Fiji
18%
-10.46 Samoa
18%
-6.92 Tuvalu
17%
-20.95 Micronesia
16%
-7.89 Lesotho
10%
-11.21 Guyana
8%
-12.65 Maldives
8%
-6.59 Trinidad and Tobago
8%
-7.13 Kyrgyzstan
6%
-10.04 St Vincent and the Grenadines
6%
-8.96 Sao Tome and Principe
5%
No matching quizzes found
Score Distribution
Percent of People with Each Score
Percentile by Number Answered
Your Score History
You have not taken this quiz